[Event "BLR-ch (Women) 65th"]
[Site "Minsk"]
[Date "2021.05.11"]
[Round "4.4"]
[White "Kulagina, Svetlana"]
[Black "Astapchyk, Darya"]
[Result "0-1"]
[WhiteElo "2088"]
[BlackElo "1520"]
[PlyCount "60"]
[EventDate "2021.05.08"]
[EventType "swiss"]
[EventRounds "9"]
[EventCountry "BLR"]
[SourceTitle "CBM 202 Extra"]
[Source "ChessBase"]
[SourceDate "2021.07.31"]
[SourceVersion "1"]
[SourceVersionDate "2021.07.31"]
[SourceQuality "1"]

1. d4 d5 2. c4 dxc4 3. Nf3 Nf6 4. e3 e6 5. Bxc4 c5 6. 0-0 Nc6 7. Qe2 a6 8. a4 Qc7 9. Rd1 Be7 10. Nbd2 cxd4 11. exd4 0-0 12. Nb3 Rd8 13. Bg5 Nd5 14. Bxe7 Qxe7 15. Rac1 Ncb4 16. Nc5 b6 17. Ne4 Bb7 18. Nc3 Nf4 19. Qe3 Qf6 20. Ne4 Qh6 21. g3 Nh3+ 22. Kg2 Qxe3 23. fxe3 Bxe4 24. Kxh3 Bxf3 25. Rf1 Be4 26. Rf4 Bd5 27. Be2 Rac8 28. Rcf1 f6 29. g4 Rc2 30. R1f2 Bc4 0-1

[Event "BLR-ch (Women) 65th"]
[Site "Minsk"]
[Date "2021.05.08"]
[Round "1.1"]
[White "Kulagina, Svetlana"]
[Black "Poliakova, Varvara"]
[Result "0-1"]
[WhiteElo "2088"]
[BlackElo "1908"]
[PlyCount "90"]
[EventDate "2021.05.08"]
[EventType "swiss"]
[EventRounds "9"]
[EventCountry "BLR"]
[SourceTitle "CBM 202 Extra"]
[Source "ChessBase"]
[SourceDate "2021.07.31"]
[SourceVersion "1"]
[SourceVersionDate "2021.07.31"]
[SourceQuality "1"]

1. d4 f5 2. g3 Nf6 3. Bg2 g6 4. Nf3 Bg7 5. b3 0-0 6. Bb2 d6 7. Nbd2 c6 8. 0-0 a5 9. a4 Na6 10. Re1 Qe8 11. Nc4 Nd5 12. Qd2 f4 13. Nxa5 Nc5 14. Ne5 Ne6 15. Nec4 Ng5 16. f3 b6 17. gxf4 Nh3+ 18. Bxh3 Bxh3 19. e4 Nxf4 20. Nxb6 Ra6 21. Nac4 Qd8 22. a5 e6 23. Ne3 Bh6 24. Qf2 Bg5 25. Kh1 Bh4 26. Qg1 Nh5 27. Rf1 Bxf1 28. Rxf1 Rxa5 29. Qg4 Nf4 30. Nf5 exf5 31. Qxf4 Bg5 32. Qg3 fxe4 33. Nc4 Raf5 34. Qxd6 Qxd6 35. Nxd6 Rxf3 36. Rxf3 exf3 37. Kg1 Be3+ 38. Kf1 Rf4 39. Nc4 Bxd4 40. Bxd4 Rxd4 41. Kf2 Rh4 42. Kxf3 Rxh2 43. Ne3 h5 44. Kg3 Re2 45. Kf3 Rxe3+ 0-1

[Event "Nizhnij Novgorod-ch 60th"]
[Site "Nizhnij Novgorod"]
[Date "2008.03.??"]
[Round "?"]
[White "Kulagina, Svetlana"]
[Black "Smirnova, Anastasia"]
[Result "0-1"]
[WhiteElo "2088"]
[BlackElo "1964"]
[PlyCount "36"]
[EventDate "2008.03.??"]
[EventType "swiss"]
[EventRounds "9"]
[EventCountry "RUS"]
[SourceTitle "EXT 2010"]
[Source "ChessBase"]
[SourceDate "2010.11.25"]
[SourceVersion "1"]
[SourceVersionDate "2010.11.25"]
[SourceQuality "1"]

1. e4 Nf6 2. Nc3 d5 3. exd5 Nxd5 4. Bc4 Nxc3 5. Qf3 e6 6. dxc3 Nc6 7. Bb3 Na5 8. Ba4+ Bd7 9. Bxd7+ Qxd7 10. Bd2 0-0-0 11. 0-0-0 Nc4 12. Qf4 Qb5 13. b4 Nxd2 14. Rxd2 Qf1+ 15. Kb2 Rxd2 16. Qxd2 Qxg2 17. Nf3 Qxh1 18. Ne5 Qd5 0-1

[Event "BLR-ch (Women)"]
[Site "Minsk"]
[Date "2003.??.??"]
[Round "6"]
[White "Kulagina, Svetlana"]
[Black "Sharevich, Anna"]
[Result "1/2-1/2"]
[WhiteElo "2068"]
[BlackElo "2250"]
[PlyCount "91"]
[EventDate "2003.03.29"]
[EventType "tourn"]
[EventRounds "11"]
[EventCountry "BLR"]
[SourceTitle "EXT 2006"]
[Source "ChessBase"]
[SourceDate "2005.11.24"]
[SourceVersion "1"]
[SourceVersionDate "2005.11.24"]
[SourceQuality "1"]

1. Nf3 Nf6 2. c4 e6 3. g3 c6 4. Bg2 d5 5. b3 Nbd7 6. d4 Bb4+ 7. Bd2 Bd6 8. 0-0 0-0 9. Nc3 Rb8 10. a4 b6 11. cxd5 exd5 12. Qb1 Re8 13. b4 Nf8 14. Rc1 Ne6 15. b5 c5 16. dxc5 bxc5 17. Ng5 h6 18. Nxe6 Bxe6 19. Re1 d4 20. Ne4 Bf5 21. Nxf6+ Qxf6 22. Qc1 Be4 23. Bf4 g5 24. Bxd6 Qxd6 25. Qc4 Bxg2 26. Kxg2 Re5 27. Red1 Qe7 28. Rd2 h5 29. h3 Kg7 30. Ra3 Qb7+ 31. Kh2 g4 32. h4 Rf5 33. e3 Rd8 34. Rad3 Qd5 35. Qxd5 Rfxd5 36. exd4 cxd4 37. Kg2 f5 38. Rb2 Kf6 39. Rc2 Ke5 40. f3 f4 41. Re2+ Kf5 42. Re4 gxf3+ 43. Kxf3 fxg3 44. Rf4+ Ke5 45. Re4+ Kf5 46. Rf4+ 1/2-1/2